Asap science : (Record no. 100105)

MARC details
000 -LEADER
fixed length control field 00654nam a22001937a 4500
005 - DATE AND TIME OF LATEST TRANSACTION
control field 20181205121656.0
010 ## - LCCN (DPL NO)
LC control number ENG-115172
020 ## - INTERNATIONAL STANDARD BOOK NUMBER
International Standard Book Number 9789385288692
Terms of availability 499.00
035 ## - SYSTEM CONTROL NUMBER
System control number EN-98704
037 ## - SOURCE OF ACQUISITION
Source of stock number/acquisition DBAD/PUB
082 ## - DEWEY DECIMAL CLASSIFICATION NUMBER
Classification number 500
100 ## - MAIN ENTRY--PERSONAL NAME
Personal name Moffit, Mitchell
245 ## - TITLE STATEMENT
Title Asap science :
Statement of responsibility, etc by Mitchell Moffit [and]Greg Brown
Remainder of title answers to the world's weirdest questions,most persistent rumours,and unxplained phenomena /
260 ## - PUBLICATION, DISTRIBUTION, ETC. (IMPRINT)
Place of publication, distribution, etc New Delhi
Name of publisher, distributor, etc Speaking Tiger
Date of publication, distribution, etc 2015
270 ## - ADDRESS
Address 4381/4,Ansari Road, Daryaganj,
City New Delhi
Postal code 110002
300 ## - PHYSICAL DESCRIPTION
Extent 248p. :
Dimensions 23cm(pbk)
Other physical details ill.
700 ## - ADDED ENTRY--PERSONAL NAME
Personal name Brown,Greg
942 ## - ADDED ENTRY ELEMENTS (KOHA)
Source of classification or shelving scheme Dewey Decimal Classification
Item type English Books
Classification part 500
Call number suffix MOF
Holdings
Withdrawn status Lost status Not for loan Collection code Home library Current library Date acquired Source of acquisition Cost, normal purchase price Full call number Barcode Copy number Cost, replacement price Koha item type
    Not For Loan Non-fiction D.B.Act.Division Bawana 27/05/2016 DBAD/PUB 499.00 500 MOF EN-98704 1 499.00 English Books

© Delhi Public Library
Hit Counter
free hit counter